000 00715nam a2200217Ia 4500
001 7434
003 GE_BSU
008 181216s||||||||xx |||||||||||||| ||und||
040 _cGE_BSU
080 _a621.317
100 _aДолицкий,И.Н. Медведенко,А.М. Ратушный,Б.А.
245 _aПособие лаборанту по электрическим измерениям.
245 _bУчеб. пособие.
245 _cРед.Е.В.Климина.
260 _aЛ.
260 _bСудостроение.
260 _c1967.
300 _a385стр.21см.
653 _aПособие лаборанту по электрическим измерениям.
942 _cBK
999 _c40794
_d40794